LIBRARY & INFORMATION CENTRE, KCAET, TAVANUR

ONLINE PUBLIC ACCESS CATALOGUE (OPAC)

Sanskrit swayam shikshak / (Record no. 11915)

MARC details
000 -LEADER
fixed length control field 00457cam a2200181ua 4500
041 ## - LANGUAGE CODE
Language code of text/sound track or separate title hin
082 ## - DEWEY DECIMAL CLASSIFICATION NUMBER
Classification number 891.43
Item number SRE/SA
100 ## - MAIN ENTRY--AUTHOR NAME
Personal name Sreepad Dhamodhar, Satvalekar .
245 ## - TITLE STATEMENT
Title Sanskrit swayam shikshak /
250 ## - EDITION STATEMENT
Edition statement 1 /
260 ## - PUBLICATION, DISTRIBUTION, ETC. (IMPRINT)
Place of publication :
Name of publisher Rajpal and Sanch ,
Year of publication 1960.
300 ## - PHYSICAL DESCRIPTION
Number of Pages 300 ; .
942 ## - ADDED ENTRY ELEMENTS (KOHA)
Koha item type Books
Holdings
Withdrawn status Lost status Damaged status Home library Current library Date acquired Full call number Accession Number Koha item type
Withdrawn     KAUAET Sanskrit University 07/04/2012 891.43 2067 Books
free website counter